| 000 | 00548nam a22001817a 4500 | ||
|---|---|---|---|
| 999 |
_c185462 _d185462 |
||
| 005 | 20220203105209.0 | ||
| 010 | _aENG-131371 | ||
| 020 |
_a9788195012671 _c295.00 |
||
| 035 | _aEN-114903 | ||
| 037 | _bDBAD | ||
| 082 | _aS | ||
| 100 | _aDesai, Neena | ||
| 245 |
_aState Of Grace/ _cNeena Desai |
||
| 260 |
_aMaharashtra _bVihwakarma Publications _c2021 |
||
| 270 |
_a34A/1, Suyog Center, 7th Floor, Gultekadi Marketyard Road, Giridhar Bhavan Chowk _bPune _e411037 _minfo@vpindia.co.in |
||
| 300 |
_a232p. _c22cm(pbk) |
||
| 942 |
_2ddc _cEN _hS _mDES |
||